000 00321nam a2200145 a 4500
001 4144
005 20140414131858.0
008 090317s19uu xx 00 eng d
050 _aFIL
_bB48 2003
100 _aChong, Grace D.
245 _aBig eyes small eyes.
999 _c110543
_d110543